A művelődési házak kultúraközvetítő hatása a közoktatásban tanuló diákok kultúrafogyasztására
| Szerző: | |
|---|---|
| További közreműködők: | |
| Dokumentumtípus: | Diplomadolgozat |
| Kulcsszavak: | hatás(ok) közművelődés közoktatás kultúra művelődés |
| Online Access: | http://dolgozattar.uni-bge.hu/59755 |
MARC
| LEADER | 00000nta a2200000 i 4500 | ||
|---|---|---|---|
| 001 | dolg59755 | ||
| 005 | 20260409145525.0 | ||
| 008 | 260409suuuu hu om 000 hun d | ||
| 040 | |a BGE Dolgozattár Repozitórium |b hun | ||
| 041 | |a hu | ||
| 100 | 1 | |a Görög Adrienn | |
| 245 | 1 | 2 | |a A művelődési házak kultúraközvetítő hatása a közoktatásban tanuló diákok kultúrafogyasztására |c Görög Adrienn |h [elektronikus dokumentum] |
| 520 | 3 | |a A dolgozatomban a művelődési házak kulturaközvetítő szerepét vizsgálom, különös tekintettel a közoktatásban tanuló diákok kultúrafogyasztási szokásaira, Bács-Kiskun vármegye bizonyos területein (Bócsa, Kiskőrös és a környező települések). Személyes okokból kötődöm ehhez a régióhoz, ahol a tapasztalataim is azt mutatják, hogy a hagyományos kulturális intézmények szerepe visszaszorul a fiatalok körében az online tartalomfogyasztás előretörése miatt. Kutatásomban interjúk és egy kérdőív segítségével próbáltam meg kideríteni, hogy a művelődési házak milyen programokat kínálnak, ezek mennyire tetszenek a diákoknak, és mik azok a tényezők, amelyek a részvételüket befolyásolják. A dolgozatom célja, hogy segítse a művelődési házak és az iskolák együttműködését a diákok kulturális aktivitásának fokozása érdekében. | |
| 695 | |a hatás(ok) | ||
| 695 | |a közművelődés | ||
| 695 | |a közoktatás | ||
| 695 | |a kultúra | ||
| 695 | |a művelődés | ||
| 700 | 1 | |a Schultz Dr. Éva |e ths | |
| 856 | 4 | 0 | |u http://dolgozattar.uni-bge.hu/59755/1/G%C3%B6r%C3%B6g_Adrienn_Szakdolgozat.pdf |z Dokumentum-elérés |
| 856 | 4 | 0 | |u http://dolgozattar.uni-bge.hu/59755/2/G%C3%B6r%C3%B6g%20Adrienn.pdf |z Dokumentum-elérés |
| 856 | 4 | 0 | |u http://dolgozattar.uni-bge.hu/59755/3/G%C3%B6r%C3%B6g%20Adrienn_konzulensi_Schultz%20%C3%89va.pdf |z Dokumentum-elérés |